Leipziger Ortsteile mit Karte - Statistiken

Allgemein
  • Dieses Quiz wurde 1.151 mal gespielt
  • Das Durchschnittsergebnis liegt bei 35 aus 63
Antworten auf der Karte
Die Antworten werden auf der Karte rot bzw. grün angezeigt, abhängig davon wie oft sie richtig erraten wurden.
 
Antwortstatistiken
Stadtbezirksteil % Korrekt
Connewitz
90%
Zentrum
86%
Gohlis-Mitte
83%
Grünau-Mitte
83%
Südvorstadt
80%
Plagwitz
79%
Zentrum-Süd
79%
Zentrum-Nord
78%
Zentrum-Ost
78%
Zentrum-West
78%
Lindenau
74%
Paunsdorf
73%
Gohlis-Nord
68%
Reudnitz-Thonberg
68%
Leutzsch
67%
Zentrum-Südost
67%
Gohlis-Süd
66%
Mockau-Nord
65%
Stötteritz
65%
Wahren
65%
Zentrum-Nordwest
65%
Grünau-Nord
64%
Schönefeld-Abtnaundorf
64%
Eutritzsch
60%
Thekla
60%
Grünau-Ost
58%
Möckern
57%
Altlindenau
56%
Böhlitz-Ehrenberg
56%
Knautkleeberg-Knauthain
56%
Lößnig
55%
Engelsdorf
54%
Miltitz
54%
Schleußig
54%
Anger-Crottendorf
52%
Großzschocher
52%
Lausen-Grünau
52%
Kleinzschocher
50%
Probstheida
49%
Wiederitzsch
49%
Neustadt-Neuschönefeld
48%
Holzhausen
47%
Meusdorf
47%
Mölkau
47%
Dölitz-Dösen
45%
Liebertwolkwitz
45%
Neulindenau
43%
Sellerhausen-Stünz
43%
Seehausen
42%
Burghausen-Rückmarsdorf
41%
Volkmarsdorf
41%
Heiterblick
40%
Lützschena-Stahmeln
40%
Lindenthal
39%
Marienbrunn
39%
Mockau-Süd
39%
Althen-Kleinpösna
35%
Schönau
35%
Grünau-Siedlung
34%
Baalsdorf
33%
Plaußig-Portitz
32%
Hartmannsdorf-Knautnaundorf
29%
Schönefeld-Ost
25%
Keine übereinstimmenden Quizze gefunden
Verteilung der Resultate
Anzahl Personen mit jedem Resultat
Perzentil nach korrekt beantworteten Fragen
Ihre Resultats-Entwicklung
Sie haben dieses Quiz noch nicht gespielt